00563nam a2200133Ia 4500008004100000100001700041245018300058245003300241260005300274260001800327300000800345650001500353856006100368170221s9999 xx 000 0 und d aAzilah Kasim aHow do technology orientation, organizational learning, market conditions, and firm growth connect? A preliminary analysis on small and medium size hotels in Peninsular Malaysia  cAzilah Kasim, Levent Altinay bInternational Review of Management and Marketing cDecember 2014 a6:2 xMarketing. uhttp://www.econjournals.com/index.php/irmm/issue/view/91